000 005390000a22001690004500
090 _aAR
_b02374
245 1 0 _aEvaluation of pit-trap transects with varied trap spacing in a northern Michigan forest
650 1 4 _aEntomologĂ­a
_94483
650 1 4 _aAracnidos
_99369
650 1 4 _aBosques deciduos
_994030
651 4 _dMichigan
_pEstados Unidos
_992749
041 0 _aInglés
700 1 _aSnider, Richard J.
_995914
100 1 _aSnider, Renate M.
_995915
942 _cARTICULO
773 1 _tGreat Lakes Entomologist
_31225
_h2
_q51-61
_d1986
_g19
999 _c11445
_d11445